LEADER 01254nam a2200205 i 4500 001 000000257443 003 CaOOAMICUS 005 20180227000000.0 008 180227s1744 it u000 u ita u 013 $a236351 026 $ao-oe ,ei- n-di Brqu (3) 1744 (R) 040 $aSeMil$bita 245 10$aDall'anno primo dell'era volgare fino all'anno 1500. 300 $a[4], 520 [i.e. 428] p. 500 $aLe p. 200-406 erron. numerate 400-606, le p. 407-409 non numerate, le p. 410-428 erron. numerate 502-520. - Segn.: pg2 A-3G4 3H2. 500 $aMarca editoriale: Al centro di raggi luminosi Minerva tiene uno scudo nella mano sinistra e un libro nella mano destra. Motto: La felicità delle lettere. (Repertorio consultato: Delalain-Marques, BNF). 773 0 $aMuratori, Ludovico Antonio <1672-1750>$tAnnali d'Italia dal principio dell'era volgare sino all'anno 1500. compilati da Lodovico Antonio Muratori bibliotecario del serenissimo Duca di Modena.$dIn Milano : A spese di Giovambatista Pasquali Libraro in Venezia, 1744-1749.$g9$w()10811 850 $aSeMil 852 $aSeMil$W1$xVenegono$y1$m3V VI 41 FA$j207789$B207789$CSeMilBibl$Z2$F221306 $8I 996 $6245$aDall'anno primo dell'era volgare fino all'anno 1500$9(OLS)http://semarc/title/412849 LEADER 00896nam a2200205 i 4500 001 000000192007 003 CaOOAMICUS 005 20240711165554.0 008 100906s1972 it u000 u ita u 013 $a170580 040 $aSeMil$bita 100 1 $aBordoni, Marcello,$c.$0(OLS)http://semarc/name/3071 245 13$aIl sacerdozio di Cristo fonte del nostro sacerdozio /$cMarcello Bordoni. 300 $aP. 191-211. 773 0 $aSerenthà, Luigi $tProblemi di cristologia.$dRoma : Istituto di Teologia per corrispondenza del Centro «Ut unum sint», 1972.$g7$w()23738 850 $aSeMil 852 $aSeMil$W1$xVenegono$y1$m2B II 591/7$j249249$B142583$CSeMilBibl$Z2$F154647 $81 961 $aOmaggio: Cozzi don Alberto 996 $6245$aIl sacerdozio di Cristo fonte del nostro sacerdozio$9(OLS)http://semarc/title/276604